00714 a2200205 4500010001400000020002300014035001300037037001500050082001100065090001700076100002100093245005900114250002400173260003500197270007200232300002900304942002600333999001700359952013200376 aENG-90081 c495.00a8185353573 aEN-73614 bDBAD / PUB14a866.03 c12302d123021 aJotwani, Motilal1 aA dictionary of Sindhi literature/cby Motilal Jotwani a3rd rev. & enl. ed. aNew DelhibAditya Booksc2007 a2/37, Sant Vihar Lane, Ansari Road, Darya Ganj,bNew Delhie110002 aviii, 252p.c21cm ( pbk) adplcENk866.03 / JOT c11948d11948 00102ddc40718NFICaDBADbDBADeDBAD/PUBg495.00l0o866.03pEN-73614r2008-09-15 00:00:00t1u13066v495.00w2008-09-15yEN